00739nam a2200217Ii 45000010005000000030009000050080041000140400033000550410008000880820017000961000032001132450033001452640046001783000012002243360026002363370028002623380027002909400050003179990017003679520137003842420CO-ViMGA241108s9999||||xx |||||||||||||| ||und|| aCO-ViMGAbspaerdacCO-ViMGA0 aspa04a364.157 B33d1 aJosé Raúl Bedoya94903910aDerrumbe del narco - imperio 1aBogotá, Colombia : Litodinámica, 1990 avolumen atextbtxt2rdacontent aunmediatedbn2rdamedia avolumebnc2rdacarrier aidficha_siabuc: 2372. -- ficha_no_siabuc:2420 c43682d43682 001040708001aMEVIGERRbMEVIGERRcGENd2006-03-21o364.157 B33dpECA16838r2024-11-26 09:16:40tEj.1w2024-11-26yBKz2372 | 2824